MLB Baseball Team Trivia - Kansas City Royals - Statistics

General Stats
  • This quiz has been taken 120 times
  • The average score is 10 of 14
Answer Stats
Hint Answer % Correct
Division the royals are in American League Central
96%
Best player in royals history George Brett
96%
US State that the stadium is located in Missouri
95%
Stadium the royals play in Kauffman Stadium
89%
Nickname of royals 3rd baseman Mike Moustakas Moose
88%
The royals and this team competed in the 1985 world series, which was nicknamed "The I-70 Series" St. Louis Cardinals
82%
This player broke the royals' single season home run record in the 2021 season. Salvador Perez
78%
Since 2000, the royals have the least ______ out of any MLB team Wins
70%
Despite the royals finishing last in their division, this royals pitcher won the Cy Young award in 2009 Zach Greinke
66%
Royals hothead pitcher who tragically died in a car crash after the 2015 season Yordano Ventura
62%
This royals outfielder played his whole career with the royals, but started his career as a 3rd baseman Alex Gordon
58%
Nickname of the above The K
48%
In their world series championship 2015 season, the royals specialized in this type of win Comeback
40%
Because of the team's low revenue, the royals are notorious for being this type of team Small market
27%
No matching quizzes found
Score Distribution
Percent of People with Each Score
Percentile by Number Answered
Your Score History
You have not taken this quiz